Laon-laon : (Record no. 118260)
[ view plain ]
| 000 -LEADER | |
|---|---|
| fixed length control field | 00579nam a2200169Ia 4500 |
| 008 - FIXED-LENGTH DATA ELEMENTS--GENERAL INFORMATION | |
| fixed length control field | 140609s9999 xx 000 0 und d |
| 020 ## - INTERNATIONAL STANDARD BOOK NUMBER | |
| International Standard Book Number | 9789715066389 |
| 050 ## - LIBRARY OF CONGRESS CALL NUMBER | |
| Classification number | ML 330 |
| Item number | .Sa59 2012 |
| 100 ## - MAIN ENTRY--PERSONAL NAME | |
| Personal name | Santos, Ramon P. |
| 245 ## - TITLE STATEMENT | |
| Title | Laon-laon : |
| Remainder of title | perpectives in transmission and pedagogy of musical traditions in post-colonial southeast asia / |
| Statement of responsibility, etc | Ramon P. Santos, |
| 260 ## - PUBLICATION, DISTRIBUTION, ETC. (IMPRINT) | |
| Place of publication, distribution, etc | Manila, Philippines : |
| Name of publisher, distributor, etc | UST, Publishing House, |
| Date of publication, distribution, etc | c2012. |
| 300 ## - PHYSICAL DESCRIPTION | |
| Extent | 214 p. ; |
| Other physical details | ill. ; |
| Dimensions | 23 cm. |
| 500 ## - GENERAL NOTE | |
| General note | Includes references and glossary. |
| 521 ## - TARGET AUDIENCE NOTE | |
| Target audience note | |
| 942 ## - ADDED ENTRY ELEMENTS (KOHA) | |
| Call number prefix | Local |
| Koha item type | Books |
| Withdrawn status | Lost status | Damaged status | Home library | Current library | Shelving location | Date acquired | Total Checkouts | Full call number | Barcode | Date last seen | Price effective from | Koha item type |
|---|---|---|---|---|---|---|---|---|---|---|---|---|
| College Library | College Library | Filipiniana Section | 06/09/2014 | ML 330 .Sa59 2012 | C18548 | 05/08/2018 | 06/09/2014 | Books |